Statistiques concernant Citation rap fr 2

Cliquez ici pour prendre le quiz!

Statistiques générales

  • Ce quiz a été pris 118 fois
  • Le résultat moyen est 4 sur 19

Statistiques - réponses

PunchRappeur% Correct
Waow, impossible de m'arrêter, la prod est lancée
Waow, roule un doobie ou deux, j'me perds dans mes pensées
Waow, au fond d'la soirée, j'suis là pour vendre, pas pour danser
Waow, le rap paie, j'pense bientôt me ranger
Nekfeu
61%
J'voyage, j'fume, j'revis
J'rentre pas dans leur fête
Un charbon et j'm'enfuis
J'fume toute l'année, j'm'embête
PNL
58%
Les types te trahissent, reviennent en full détente
Ray-Ban, short et claquettes à ton enterrement
Société bancale, normaux dans la déviance
Je fais le contraire de ce que tu fais, tu me sers d'exemple
Orelsan
54%
Il a dit : "Tous tes morts
Fils de pute, j'vais les manger !"
Cimetière communal
Il cheke toutes les pierres tombales
Vald
42%
Dangereux mobali, yeah
Négro j'm'en bats les yeuks
Dangereux mobali, yeah
Négro j'm'en bats les yeuks
Siboy
41%
Cet été j'vends d'la moula en Alicante
Le guetteur qui crie "akha", harba au quartier
Ma brunette, mets l'chapeau d'paille, j'te fais voyager
On s'verra loin de là, en Alicante
Gambino
37%
Trop de frérots condamnés, on court après le million quitte à tomber
C'est pour le terrain que ça re-ti, moi, j'ai gardé la même appétit
Pas de blague dans le hall, la vie, ici, ne te laisse aucun répit
Tu sais que c'est tout pour le papier, t'as passé ton enfance à tartiner
Leto
22%
Les souvenirs d'enfance, shit, beuh, coke, crack
Belleville, Place des Barbès, Stalingrad
Perquisition, les condés qui t'braquent
Déposition, on n'se connaît as-p
Mister you
12%
Yeah, comment tu t'appelles?
Elle m'a r'gardé d'haut en bas genre "comment tu t'la pètes"
J'ai dit, "présente-moi ta styliste, combien tu la payes?"
J'l'ai faite rire, un-zéro pour moi, j'ai relevé son tél', yah
Lefa
7%
J'dois faire un classique, une famille, un enfant
J'prie qu'pour papy n'parte pas si vite
Le château d'nos pères, c'est les F2, c'est pas Marcel Pagnol
Il parle moins bien à sa meuf qu'à sa nouvelle bagnole
Ben plg
6%
Dix comme Zizou depuis l'zoo, toutes ces fimbis, j'ai baisé
J'en serais pas fier dans dix ans devant la mère d'mes bébés
Elle est d'jà au courant que j'suis fou
Le fond, la forme, j'crois qu'tout y est, j'sors de prison, j'vais voir d'autres continents
DA Uzi
6%
Ici t'es chez les fous, jugés par des faux, qui visent le full
Le brelan trop branleur, le carré d'as
On a du mal à disperser dans les foules
On sort des marécages d'escalier
113
2%
Du Sud au Nord même galère, faite de mal-être, de peine
Les même frères s'descendent comme des cannettes de bière
Les mêmes scènes s'répendent face au barrière de pierres
Les mêmes juges qui t'allument, même pour une barrette de merde
Keny arkana
2%
Une balance, faut la mêler
Juste après, lui cracher des mollards
Une mallette, le milli'
J'suis Lewandowski, comme un polak
Lamatrix
2%
Maman, Papa, c'est elle que je veux
Madame, Monsieur, c'est votre fille que je veux
Finir ma vie près de toi fera d'moi un homme heureux
On m'a dit "fais attention, les sentiments c'est dangereux"
GLK
1%
J'suis la balafre dans l'œil de Le Pen, que des cadavres
Ta carrière a pris trente coups de pelle dans la ganache
Allez dégage, on t'encule ta mère pour un demi
Trop d'ennemis mais ces fils de rappent comme en 2000
Hayce lemsi
1%
J'crois que c'est la mèche qui me fait une blague
J'descend de mon bloc
J'allume une clope le soleil tape
Le charbon est XXXX
L’algérino
1%
Igo, je prends les devants
Mais plus j'vois la lumière plus les routes sont piégées
Ta vie paraît nulle mais pourtant
La rue arrache des vies pour factures à payer
Panama bende
1%
Mon rap est fait pour blesser
Et laisser des séquelles
De la maille c'est qu'elle
Vie que j'ai, j'ai juste de quoi m'offrir un bicycle
Pit baccardi
1%

Distribution des résultats

Percentile par nombre de réponses

% des personnes avec chaque résultat

Votre développement - résultats

Vous n’avez pas pris ce quiz